000 00295nam a2200109Ia 4500
008 200302s9999 xx 000 0 und d
100 _aS. K. Guha Thakurta & Other
245 _aManual of Construction project Management
260 _bMulti-Tech Publishing Co.
260 _c2003
300 _a292 P.,
999 _c1999
_d1999